000
00245nam a22001217a 4500
008
170710b xxu||||| |||| 00| 0 eng d
041
_a
alb
080
_a
030
100
_a
23
101
_a
ENC
245
_a
TRUPI YNE
_c
MELO,V
942
_2
udc
_c
BK
999
_c
20145
_d
20145